000 00556nam a2200229 a 4500
001 0001-1423
003 ELIB.Books
008 160823 2010 eng
020 _a0871233800
035 _a(ELIB.Books)0001-1578
092 _a230
_bBjo
100 _aBjornstad, James
245 _aThe Moon is not The Son
260 _aMinneapolis
_bDimension Books
_c1976
300 _a125
_c17.5Cm
650 _aTheology
856 _nKBTS Library
_uKBTS: ELIB
942 _2ddc
_cBK
990 _a1
998 _cbat
_e2016-08-23
999 _c11423
_d11423